000
00335nam a22001457a 4500
008
221013b ||||| |||| 00| 0 eng d
020
_a
0721653782
041
_a
eng
080
_2
THIRD EDITION
_a
61
082
_a
61 KEN
100
_a
5
101
_a
MJEK
245
_a
DISODERS OF THE RESPIRATORY TRACT
_c
KENDIG E
942
_2
udc
_c
BK
999
_c
58542
_d
58542